000 00488nmm a2200169Ia 4500
008 251105s9999||||xx |||||||||||||||||und||
020 _a9788490000441
041 _aspa
100 _aMoore, Margaret
245 0 _aInocencia y perdón
264 _a[Madrid, España] :
_bHarlequin,
_c[Fecha de publicación no identificada]
300 _a0 páginas
490 _a'Guerreros'
650 _aHistorical fiction
856 _uhttps://public.digitaliapublishing.com/a/96015
942 _cCF
999 _c87111
_d87111